Main currents of Marxism (Record no. 82319)

MARC details
000 -LEADER
fixed length control field 00635nam a2200145 a 4500
008 - FIXED-LENGTH DATA ELEMENTS--GENERAL INFORMATION
fixed length control field 120416s1978 ||||||||||||||||| || u
050 ## - LIBRARY OF CONGRESS CALL NUMBER
Classification number HX 56 Kol
100 ## - MAIN ENTRY--PERSONAL NAME
Personal name Kolakowski, Leszek
245 10 - TITLE STATEMENT
Title Main currents of Marxism
246 ## -
-- its rise, growth and dissolution
260 ## - PUBLICATION, DISTRIBUTION, ETC.
Place of publication, distribution, etc. Oxford
Name of publisher, distributor, etc. Clarendon P
Date of publication, distribution, etc. 1978
350 ## -
-- 0.00
995 ## -
-- MAIN LIBRARY OPEN ACCESS
-- 0.00
-- 008661
-- CBU-MAIN LIBRARY (Kitwe)
-- 1
-- 0.00
-- HX 56 Kol
-- AVAILABLE
-- 008661
-- Main Library Open Access Collection
995 ## -
-- ANNEX COLLECTION (Main Library)
-- 0.00
-- 008660
-- CBU-MAIN LIBRARY (Kitwe)
-- 2
-- 0.00
-- HX 56 Kol
-- AVAILABLE
-- 008660
-- Annex Low-Usage Collection
999 ## -
-- 82319
-- 82319
Holdings
Withdrawn status Lost status Source of classification or shelving scheme Damaged status Not for loan Permanent Location Current Location Shelving location Date acquired Total Checkouts Full call number Barcode Date last seen Copy number Price effective from Koha item type
          CBU-MAIN LIBRARY, KITWE. CBU-MAIN LIBRARY, KITWE.   09/27/2023   HX 56 Kol 008661 09/27/2023 1 09/27/2023 MONOGRAPH
          CBU-MAIN LIBRARY, KITWE. CBU-MAIN LIBRARY, KITWE.   09/27/2023   HX 56 Kol 008660 09/27/2023 2 09/27/2023 MONOGRAPH